Contagem regressiva de 50 em 15 segundos - Statistics

Estatísticas Gerais
  • Esse quiz foi jogado 656 vezes
  • A pontuação média é 14 de 50
Estatísticas das Respostas
Number % Correto
50
100%
49
93%
48
89%
47
86%
45
83%
46
83%
44
80%
43
75%
42
74%
41
72%
40
62%
39
52%
38
50%
37
48%
36
44%
35
40%
34
38%
33
34%
32
29%
31
27%
30
21%
29
15%
28
13%
27
11%
26
10%
25
9%
24
8%
23
6%
22
5%
20
3%
21
3%
1
1%
18
1%
19
1%
10
0%
11
0%
12
0%
13
0%
14
0%
15
0%
16
0%
17
0%
2
0%
3
0%
4
0%
5
0%
6
0%
7
0%
8
0%
9
0%
Nenhum quiz correspondente encontrado
Distribuição das Pontuações
Porcentagem de Pessoas com Cada Pontuação
Percentil de Números Respondidos
Sua Pontuação Histórica
Você não jogou esse quiz